[Event "3eme Open International de La Fere"]
[Site "La Fere (FRA)"]
[Date "2004.??.??"]
[Round "2.34"]
[White "Bertrand, Eric"]
[Black "Benoit, Sebastien"]
[Result "0-1"]
[WhiteElo "2012"]
[BlackElo "1660"]
[PlyCount "72"]
[EventDate "2004.07.03"]

1. e4 e5 2. Nf3 Nf6 3. Nxe5 d6 4. Nf3 Nxe4 5. d4 d5 6. h3 Bd6 7. Bd3 Be6 8. O-O
h6 9. Re1 Nf6 10. c4 c6 11. Nc3 O-O 12. c5 Bc7 13. Ne5 Nbd7 14. f4 Nxe5 15.
dxe5 d4 16. Ne2 Nd7 17. f5 Bd5 18. Nxd4 Nxe5 19. Be4 Re8 20. Bf4 Bxe4 21. Rxe4
Qf6 22. Qe2 Rad8 23. Rd1 Rd5 24. b4 a5 25. a3 axb4 26. axb4 b6 27. Rc1 Rxd4 28.
Kf1 Rxe4 29. Qxe4 Kf8 30. Re1 bxc5 31. bxc5 Qe7 32. Qe3 f6 33. g4 Qf7 34. Qe4
Qd5 35. Qe3 Qh1+ 36. Ke2 Qg2+ 0-1

[Event "3eme Open International de La Fere"]
[Site "La Fere (FRA)"]
[Date "2004.??.??"]
[Round "2.35"]
[White "Delescluse, Oriane"]
[Black "Barnier, Christophe"]
[Result "1/2-1/2"]
[WhiteElo "1640"]
[BlackElo "2008"]
[PlyCount "119"]
[EventDate "2004.07.03"]

1. e4 Nc6 2. d4 d5 3. Nc3 e6 4. Nf3 Bb4 5. Bd3 dxe4 6. Bxe4 Nf6 7. Bg5 h6 8.
Bxf6 Qxf6 9. O-O Bd7 10. Qd2 O-O-O 11. Rfd1 g5 12. Qe3 Ba5 13. Ne2 Bb6 14. c3
Qg7 15. Rd2 f5 16. Bxc6 Bxc6 17. Qxe6+ Bd7 18. Qc4 Rhe8 19. Ne5 Be6 20. Qa4
Bxa2 21. Qxa2 Rxe5 22. Rad1 Re7 23. Kf1 f4 24. Qb1 Qf7 25. f3 h5 26. Ng1 Re3
27. Re2 Rde8 28. Rde1 Rxe2 29. Rxe2 Rxe2 30. Nxe2 g4 31. Qe4 gxf3 32. Qxf3 c5
33. Qxf4 Qxf4+ 34. Nxf4 cxd4 35. Nxh5 dxc3 36. bxc3 a5 37. Nf4 Bc7 38. Ne2 a4
39. g3 Bd6 40. Kf2 Ba3 41. Ke3 Bb2 42. Kd3 a3 43. Nd4 a2 44. Nb3 a1=Q 45. Nxa1
Bxa1 46. c4 Kd7 47. Ke4 Ke6 48. h4 Bf6 49. Kf4 Kf7 50. h5 Kg7 51. Kf5 Bd4 52.
g4 Kh6 53. Ke4 Bf6 54. Kf5 Bg5 55. Ke6 Bd2 56. Kf5 Bc1 57. Kf6 b6 58. Kf5 Bg5
59. Ke5 Kg7 60. Kf5 1/2-1/2

[Event "3eme Open International de La Fere"]
[Site "La Fere (FRA)"]
[Date "2004.??.??"]
[Round "2.36"]
[White "Joie, Sebastien"]
[Black "Poulain, Andre"]
[Result "1-0"]
[WhiteElo "2000"]
[BlackElo "1650"]
[PlyCount "46"]
[EventDate "2004.07.03"]

1. d4 d5 2. Bg5 Nf6 3. Bxf6 exf6 4. e3 g6 5. c4 Nc6 6. Nc3 Bb4 7. h4 h5 8. Nge2
Bxc3+ 9. Nxc3 Be6 10. e4 Ne7 11. cxd5 Bd7 12. Be2 f5 13. e5 Bc8 14. Qb3 f4 15.
Ne4 Nxd5 16. Qxd5 Qxd5 17. Nf6+ Kd8 18. Nxd5 c6 19. Nxf4 Re8 20. Bc4 Re7 21.
O-O-O b5 22. Be2 Kc7 23. Bf3 Bf5 1-0

[Event "3eme Open International de La Fere"]
[Site "La Fere (FRA)"]
[Date "2004.??.??"]
[Round "2.38"]
[White "Mestdagh, Franck"]
[Black "Guille, Nicolas"]
[Result "1-0"]
[WhiteElo "1944"]
[BlackElo "1640"]
[PlyCount "91"]
[EventDate "2004.07.03"]

1. e4 e5 2. Nf3 Nc6 3. Bc4 Bc5 4. b4 Bxb4 5. c3 Ba5 6. d4 exd4 7. O-O dxc3 8.
Qb3 Qf6 9. e5 Qg6 10. Nxc3 Bxc3 11. Qxc3 b6 12. Bb2 Nge7 13. Rfe1 Bb7 14. Rac1
Nf5 15. Bb5 O-O 16. Bd3 Ncd4 17. Be4 Bxe4 18. Rxe4 c5 19. Qd3 Nxf3+ 20. Qxf3
Qe6 21. a3 Rfe8 22. g4 Nh4 23. Qg3 g5 24. f4 h6 25. Rce1 Qc6 26. Qc3 f6 27.
exf6 Kf7 28. Qd3 Rxe4 29. Rxe4 Re8 30. Re7+ Rxe7 31. Qh7+ Ke6 32. Qxe7+ Kd5 33.
f7 Ng6 34. f8=Q Nxe7 35. Qxe7 Qe6 36. Qxe6+ Kxe6 37. f5+ Kf7 38. Kf2 d5 39. Be5
a6 40. Ke3 b5 41. Bd6 c4 42. Kd4 a5 43. Bc7 a4 44. Ba5 Kf6 45. Kxd5 h5 46. h3
1-0

[Event "3eme Open International de La Fere"]
[Site "La Fere (FRA)"]
[Date "2004.??.??"]
[Round "2.39"]
[White "Feryn, Alexandre"]
[Black "Boudier, Eric"]
[Result "0-1"]
[WhiteElo "1630"]
[BlackElo "1941"]
[PlyCount "100"]
[EventDate "2004.07.03"]

1. e4 d5 2. exd5 Nf6 3. Bb5+ Bd7 4. Be2 Nxd5 5. Nf3 Nc6 6. d4 Bf5 7. O-O e6 8.
c4 Nf6 9. Bg5 h6 10. Bh4 Be7 11. c5 Nd5 12. Bg3 g5 13. Bb5 Bf6 14. Be5 Bg4 15.
Bxc6+ bxc6 16. Qa4 O-O 17. Bxf6 Nxf6 18. Qxc6 Bxf3 19. Qxf3 Qxd4 20. Nc3 Qe5
21. Rfe1 Qf5 22. Qxf5 exf5 23. Re7 c6 24. Rd1 Rfe8 25. Rxe8+ Rxe8 26. g3 Kf8
27. Rd6 Re6 28. Rd8+ Ne8 29. Rd7 Re7 30. Rd8 Rc7 31. Nd1 Ke7 32. Rd3 Rd7 33.
Re3+ Kf6 34. Rxe8 Rxd1+ 35. Kg2 Rd2 36. Rc8 Rxb2 37. Rxc6+ Ke5 38. Rxh6 Rxa2
39. Rh7 f6 40. c6 Rc2 41. c7 a5 42. h4 f4 43. h5 a4 44. Rg7 a3 45. h6 a2 46. h7
a1=Q 47. h8=Q f3+ 48. Kxf3 Qd1+ 49. Kg2 Qd5+ 50. Kh3 Qh1+ 0-1

[Event "3eme Open International de La Fere"]
[Site "La Fere (FRA)"]
[Date "2004.??.??"]
[Round "2.46"]
[White "Vinckier, Julien"]
[Black "Savouret, Frederic"]
[Result "1-0"]
[WhiteElo "1600"]
[BlackElo "1900"]
[PlyCount "67"]
[EventDate "2004.07.03"]

1. d4 d5 2. c4 c6 3. Nf3 Nf6 4. Nc3 e6 5. Bg5 Nbd7 6. cxd5 exd5 7. e3 Bd6 8.
Bd3 O-O 9. Qc2 Re8 10. Bxh7+ Kf8 11. Bd3 a6 12. a3 c5 13. dxc5 Nxc5 14. Nxd5
Nxd3+ 15. Qxd3 Qa5+ 16. Nc3 Ne4 17. Bh4 Bb4 18. Rc1 Bxc3+ 19. bxc3 Qxa3 20. O-O
Qc5 21. Nd4 Qh5 22. Bg3 Kg8 23. f3 Nxg3 24. hxg3 Qe5 25. Kf2 b5 26. Rh1 g6 27.
f4 Qd5 28. Rcd1 Bb7 29. Nf3 Qc6 30. Qd4 f6 31. Rh2 Rad8 32. Qxd8 Rxd8 33. Rxd8+
Kg7 34. Rdh8 1-0

[Event "3eme Open International de La Fere"]
[Site "La Fere (FRA)"]
[Date "2004.??.??"]
[Round "3.1"]
[White "Gharamian, Tigran"]
[Black "Levin, Felix"]
[Result "1/2-1/2"]
[WhiteElo "2398"]
[BlackElo "2506"]
[PlyCount "37"]
[EventDate "2004.??.??"]

1. e4 e5 2. Nf3 Nc6 3. Bb5 Nf6 4. Bxc6 dxc6 5. d3 Bd6 6. Nbd2 Bg4 7. Nc4 Nd7 8.
Ne3 Bh5 9. g4 Bg6 10. Nf5 Bf8 11. d4 f6 12. dxe5 Nxe5 13. Qxd8+ Rxd8 14. Nxe5
fxe5 15. Ke2 Bf7 16. Bg5 Rd7 17. Rad1 Bc4+ 18. Kf3 Bd6 19. Rd2 1/2-1/2

[Event "3eme Open International de La Fere"]
[Site "La Fere (FRA)"]
[Date "2004.??.??"]
[Round "3.3"]
[White "Sebe-Vodislav, Razvan-Alexandru"]
[Black "Karpatchev, Aleksandr"]
[Result "0-1"]
[WhiteElo "2346"]
[BlackElo "2463"]
[PlyCount "84"]
[EventDate "2004.??.??"]

1. c4 e5 2. Nc3 Nf6 3. g3 d5 4. cxd5 Nxd5 5. Bg2 Nb6 6. Nf3 Nc6 7. d3 Be7 8. a3
O-O 9. O-O Be6 10. b4 a5 11. b5 Nd4 12. Bb2 Nb3 13. Rb1 f6 14. Nd2 Nc5 15. Nde4
Rb8 16. Nxc5 Bxc5 17. Ne4 Bd6 18. Nxd6 cxd6 19. d4 Nc4 20. d5 Bf5 21. e4 Bd7
22. Bc1 Qb6 23. Re1 Rfc8 24. Bf1 f5 25. Re2 fxe4 26. Rc2 e3 27. Rb3 exf2+ 28.
Kg2 Bf5 29. Rxc4 Rxc4 30. Bxc4 f1=Q+ 31. Bxf1 Be4+ 32. Kh3 Qf2 33. Bd2 Bxd5 34.
Rd3 Be6+ 35. g4 h5 36. Be2 hxg4+ 37. Bxg4 Bxg4+ 38. Qxg4 Qf1+ 39. Kh4 Qxd3 40.
Bg5 Qh7+ 41. Kg3 Qf5 42. Qc4+ Qf7 0-1

[Event "3eme Open International de La Fere"]
[Site "La Fere (FRA)"]
[Date "2004.??.??"]
[Round "3.4"]
[White "Gaponenko, Inna"]
[Black "Colin, Vincent"]
[Result "0-1"]
[WhiteElo "2448"]
[BlackElo "2389"]
[PlyCount "70"]
[EventDate "2004.??.??"]

1. e4 e5 2. Nf3 Nc6 3. Bc4 Nf6 4. d4 exd4 5. e5 d5 6. Bb5 Nd7 7. O-O Be7 8. Re1
O-O 9. Bxc6 bxc6 10. Nxd4 Nb8 11. Nb3 a5 12. a4 c5 13. c4 dxc4 14. N3d2 Be6 15.
Qf3 Bd5 16. Qc3 Nc6 17. Nxc4 Nd4 18. Nbd2 Ra6 19. Ne3 Ba8 20. Ndc4 Rg6 21. Kf1
f5 22. f4 Rh6 23. Kg1 Bh4 24. Bd2 Bxe1 25. Rxe1 Qh4 26. Nf1 Rg6 27. Ng3 Rb8 28.
Nxa5 Rb4 29. Qd3 Rxb2 30. e6 Nxe6 31. Nc4 Rb8 32. Ne5 Rh6 33. Nf1 Rd8 34. Qxf5
Rf6 35. Qg4 Rxd2 0-1

[Event "3eme Open International de La Fere"]
[Site "La Fere (FRA)"]
[Date "2004.??.??"]
[Round "3.6"]
[White "Quillan, Gary"]
[Black "Gozzoli, Yannick"]
[Result "0-1"]
[WhiteElo "2323"]
[BlackElo "2429"]
[PlyCount "102"]
[EventDate "2004.??.??"]

1. e4 e5 2. Nf3 Nc6 3. Bb5 a6 4. Ba4 Nf6 5. O-O Be7 6. Re1 b5 7. Bb3 O-O 8. d4
d6 9. c3 Bg4 10. d5 Na5 11. Bc2 Qc8 12. h3 Bd7 13. Nbd2 c6 14. dxc6 Qxc6 15.
Nf1 Rfe8 16. a4 Nb7 17. Ng3 Nc5 18. a5 Rab8 19. Bd2 Na4 20. Qb1 h6 21. Re3 Bf8
22. b3 Nc5 23. b4 Ne6 24. Qc1 Nf4 25. Re1 Rbc8 26. Ne2 Nxe4 27. Bxe4 Nxh3+ 28.
Kh2 d5 29. gxh3 dxe4 30. Nfg1 f5 31. Ng3 Qg6 32. Qd1 Bc6 33. Qe2 Red8 34. Rad1
Rd3 35. f3 Rcd8 36. Rf1 exf3 37. Nxf3 e4 38. Bf4 Rxd1 39. Ne5 Qd6 40. Nxc6 Qd3
41. Qa2+ Qd5 42. Qxd5+ R8xd5 43. Rxd1 Rxd1 44. Nxf5 Rf1 45. Nfe7+ Kf7 46. Nd5
Ke6 47. c4 bxc4 48. Nc7+ Kd7 49. b5 axb5 50. a6 Kxc6 51. a7 Ra1 0-1

[Event "3eme Open International de La Fere"]
[Site "La Fere (FRA)"]
[Date "2004.??.??"]
[Round "3.7"]
[White "Szabo, Gergely-Andras-Gyul"]
[Black "Zozulia, Anna"]
[Result "1/2-1/2"]
[WhiteElo "2422"]
[BlackElo "2324"]
[PlyCount "87"]
[EventDate "2004.??.??"]

1. e4 c5 2. Nf3 Nc6 3. c3 Nf6 4. e5 Nd5 5. d4 cxd4 6. Bc4 Nb6 7. Bb3 d5 8. exd6
Qxd6 9. O-O Bf5 10. Nxd4 Nxd4 11. cxd4 e6 12. Nc3 Be7 13. Qf3 O-O 14. d5 Qd7
15. Be3 exd5 16. Bxb6 axb6 17. Nxd5 Bc5 18. Rad1 Bg4 19. Qg3 Qf5 20. Ne3 Bxe3
21. fxe3 Qg6 22. Rd6 Qh5 23. Rxb6 Be2 24. Rxf7 Rxf7 25. Rxb7 Bc4 26. Rb8+ Rf8
27. Bxc4+ Kh8 28. Rxf8+ Rxf8 29. Qd6 Re8 30. h3 Qg5 31. Qf4 Qxf4 32. exf4 Re4
33. b3 Rxf4 34. a4 Rf5 35. g4 Re5 36. Kf2 g5 37. Bd3 Kg7 38. b4 Kf6 39. a5 Re8
40. a6 Ke5 41. Be2 Kd6 42. Bf3 Re7 43. Kf1 Re3 44. Kf2 1/2-1/2

[Event "3eme Open International de La Fere"]
[Site "La Fere (FRA)"]
[Date "2004.??.??"]
[Round "3.8"]
[White "Dobrev, Nanko"]
[Black "Leuw, Micha"]
[Result "1-0"]
[WhiteElo "2415"]
[BlackElo "2193"]
[PlyCount "61"]
[EventDate "2004.??.??"]

1. d4 d6 2. Nf3 Bg4 3. e4 Nf6 4. h3 Bh5 5. Nc3 e6 6. Bd3 Nc6 7. g4 Bg6 8. Qe2
Nb4 9. Bb5+ c6 10. Ba4 b5 11. Bb3 d5 12. a3 Na6 13. exd5 Nc7 14. dxe6 fxe6 15.
Ng5 Qe7 16. Nxe6 Nxe6 17. Bxe6 Bxc2 18. d5 Bb3 19. Nxb5 Bxd5 20. Nc7+ Qxc7 21.
Bxd5+ Be7 22. Be6 Rb8 23. O-O Rb5 24. Re1 Kf8 25. Bc4 Rb7 26. Qe6 Bc5 27. Bg5
Qd7 28. Rad1 Qxe6 29. Rxe6 Nd5 30. Bxd5 Rxb2 31. Rxc6 1-0

[Event "3eme Open International de La Fere"]
[Site "La Fere (FRA)"]
[Date "2004.??.??"]
[Round "3.11"]
[White "Meijers, Viesturs"]
[Black "Platel, Alexandre"]
[Result "1-0"]
[WhiteElo "2477"]
[BlackElo "2145"]
[PlyCount "137"]
[EventDate "2004.??.??"]

1. e4 e5 2. Nf3 Nc6 3. Bb5 a6 4. Bxc6 dxc6 5. O-O f6 6. d4 exd4 7. Nxd4 c5 8.
Nb3 Qxd1 9. Rxd1 Bg4 10. f3 Be6 11. Nc3 c4 12. Nd4 Bf7 13. Be3 O-O-O 14. Kf2
Bb4 15. h3 Ne7 16. a3 Bd6 17. f4 Rhe8 18. g4 b6 19. Rd2 c5 20. Nf3 Ng6 21. f5
Ne5 22. Na4 Nxf3 23. Kxf3 Bc7 24. Rxd8+ Rxd8 25. Rg1 h6 26. h4 Re8 27. Bf4 Rd8
28. Bxc7 Kxc7 29. g5 hxg5 30. hxg5 Be8 31. Nc3 Bc6 32. gxf6 gxf6 33. Rg7+ Rd7
34. Rxd7+ Kxd7 35. Kf4 Kd6 36. Nd1 b5 37. Ne3 c3 38. b4 cxb4 39. axb4 a5 40.
bxa5 Bb7 41. Ng4 b4 42. Ke3 b3 43. e5+ fxe5 44. cxb3 e4 45. b4 Ba6 46. Nf2 Bb7
47. Ng4 Ba6 48. f6 Bc4 49. Nh6 Bd3 50. f7 Ke7 51. Ng4 Bb5 52. Nf6 Kxf7 53. Nxe4
c2 54. Kd2 Bd3 55. Nc5 Bb5 56. Kxc2 Ke7 57. Kb3 Kd6 58. Ne4+ Kc7 59. Nc3 Bd7
60. b5 Kb7 61. Kb4 Be6 62. Kc5 Bg4 63. Ne4 Bf3 64. Nd6+ Ka7 65. Nc4 Bg2 66. Ne5
Be4 67. a6 Bg2 68. Nc6+ Ka8 69. b6 1-0

[Event "3eme Open International de La Fere"]
[Site "La Fere (FRA)"]
[Date "2004.??.??"]
[Round "3.12"]
[White "Bogza, Adina-Maria"]
[Black "Sarakauskas, Gediminas"]
[Result "0-1"]
[WhiteElo "2291"]
[BlackElo "2442"]
[PlyCount "90"]
[EventDate "2004.??.??"]

1. Nf3 Nf6 2. g3 d5 3. Bg2 c6 4. O-O Bg4 5. c4 Nbd7 6. cxd5 cxd5 7. d4 e6 8.
Nc3 Bd6 9. Bf4 Qb8 10. Qd2 a6 11. Ne1 Bxf4 12. gxf4 Bf5 13. f3 b5 14. a3 Nb6
15. e4 Bg6 16. f5 exf5 17. e5 Ng8 18. Nd3 Ne7 19. h4 O-O 20. h5 Nc4 21. Qf4
Bxh5 22. Qh4 Qa7 23. Qxh5 Qxd4+ 24. Nf2 Nxb2 25. Ne2 Qxe5 26. Rae1 Nc4 27. f4
Qd6 28. Nd3 Nd2 29. Rf2 Qxa3 30. Ne5 Qe3 31. Bf3 f6 32. Nc6 Nxc6 33. Bxd5+ Kh8
34. Bxc6 Rac8 35. Bd5 Rc5 36. Bb7 Rb8 37. Qf7 b4 38. Kg2 Ne4 39. Rf3 Qd2 40.
Kf1 Qd6 41. Rh3 h6 42. Bxe4 fxe4 43. Kf2 Rc2 44. Rg1 Qxf4+ 45. Ke1 Qd2+ 0-1

[Event "3eme Open International de La Fere"]
[Site "La Fere (FRA)"]
[Date "2004.??.??"]
[Round "3.14"]
[White "Van Der Weide, Karel"]
[Black "Sebe-Vodislav, Florian-George"]
[Result "1-0"]
[WhiteElo "2471"]
[BlackElo "2298"]
[PlyCount "51"]
[EventDate "2004.??.??"]

1. e4 c5 2. Nf3 d6 3. d4 cxd4 4. Nxd4 Nf6 5. Nc3 g6 6. Be3 Bg7 7. f3 O-O 8. Qd2
Nc6 9. Bc4 Bd7 10. O-O-O Ne5 11. Bb3 Rc8 12. Kb1 Re8 13. h4 h5 14. Bh6 Bxh6 15.
Qxh6 a5 16. a4 Rxc3 17. bxc3 b5 18. Qd2 bxa4 19. Ba2 Qc7 20. Ka1 Rc8 21. Rb1
Qc5 22. Rb7 Qa3 23. Rhb1 Rxc3 24. Rxd7 Nc4 25. Rd8+ Kg7 26. Nf5+ 1-0

[Event "3eme Open International de La Fere"]
[Site "La Fere (FRA)"]
[Date "2004.??.??"]
[Round "3.15"]
[White "Mestdagh, Franck"]
[Black "Visser, Henk-Jan"]
[Result "0-1"]
[WhiteElo "1944"]
[BlackElo "2243"]
[PlyCount "124"]
[EventDate "2004.??.??"]

1. d4 Nf6 2. Nf3 e6 3. g3 c5 4. Bg2 Nc6 5. O-O cxd4 6. Nxd4 Qb6 7. Nb3 d5 8.
Be3 Qc7 9. Nc3 Bb4 10. Nb5 Qd8 11. c3 Be7 12. Bc5 Bxc5 13. Nxc5 Qb6 14. Nd6+
Ke7 15. Nxc8+ Rhxc8 16. Nb3 Kf8 17. e3 Kg8 18. Qd2 Ne5 19. Qd4 Qc7 20. Rfc1 Nc4
21. Rc2 Rd8 22. Qc5 Qd7 23. Nd2 b6 24. Qd4 Nd6 25. Rac1 Rac8 26. c4 Nf5 27. Qe5
d4 28. e4 d3 29. Rc3 Nd4 30. Bf1 Ne2+ 31. Bxe2 dxe2 32. Nf3 Qb7 33. Re1 Rd1 34.
Rc2 Rxe1+ 35. Nxe1 Qxe4 36. Qxe4 Nxe4 37. b3 Rd8 38. Rxe2 Nc5 39. Nc2 Kf8 40.
Ne3 a5 41. Kf1 f5 42. Rc2 g5 43. Ke2 Ke7 44. Ng2 Na6 45. h4 h6 46. hxg5 hxg5
47. Ne1 Nc5 48. Nf3 Ne4 49. Ne5 Kf6 50. Nd3 Rh8 51. a3 Rh2 52. Kf3 g4+ 53. Kf4
Nxg3 54. Kxg3 Rh3+ 55. Kg2 Rxd3 56. c5 bxc5 57. Rxc5 a4 58. bxa4 Rxa3 59. Ra5
f4 60. Ra8 Ra2 61. Kg1 Kf5 62. a5 Ke4 0-1

[Event "3eme Open International de La Fere"]
[Site "La Fere (FRA)"]
[Date "2004.??.??"]
[Round "3.16"]
[White "Laurent, Julien G"]
[Black "Varoquier, Romain"]
[Result "1-0"]
[WhiteElo "2212"]
[BlackElo "1940"]
[PlyCount "61"]
[EventDate "2004.??.??"]

1. d4 d5 2. c4 e6 3. Nc3 Nf6 4. cxd5 exd5 5. Bg5 Be7 6. Qc2 Nbd7 7. e3 O-O 8.
Bd3 b6 9. Nge2 Bb7 10. f3 c5 11. O-O Rc8 12. Rfe1 Re8 13. Rad1 a6 14. Bf5 b5
15. dxc5 Bxc5 16. Bxf6 Nxf6 17. Bxc8 Rxe3 18. Kh1 Qxc8 19. Qd2 Re5 20. Ng3
Rxe1+ 21. Rxe1 g6 22. Nce2 h5 23. Qg5 Nh7 24. Qf4 Qe6 25. Qb8+ Kg7 26. Qxb7 h4
27. Rd1 hxg3 28. Nf4 Qe3 29. hxg3 Nf6 30. Qxa6 g5 31. Qxf6+ 1-0

[Event "3eme Open International de La Fere"]
[Site "La Fere (FRA)"]
[Date "2004.??.??"]
[Round "3.17"]
[White "Boudier, Eric"]
[Black "Vernay, Clovis"]
[Result "0-1"]
[WhiteElo "1941"]
[BlackElo "2206"]
[PlyCount "98"]
[EventDate "2004.??.??"]

1. e4 e6 2. Nc3 d5 3. Nf3 Nf6 4. e5 Nfd7 5. d4 c5 6. dxc5 Nxc5 7. Nd4 Nc6 8.
Bf4 Qa5 9. Bb5 Bd7 10. O-O a6 11. Bxc6 bxc6 12. Nb3 Qd8 13. Qg4 h5 14. Qe2 Nxb3
15. axb3 a5 16. Be3 c5 17. Na4 d4 18. Bd2 Rb8 19. Rfe1 Bb5 20. Qe4 Be7 21. f4
g6 22. c3 Qd7 23. c4 Bc6 24. Qd3 Qc7 25. Re2 h4 26. Qh3 Rh5 27. Rf2 Be4 28. Be1
Ba8 29. Re2 Bc6 30. Rf2 Ra8 31. Re2 Qb7 32. Rf2 Be4 33. Re2 Bf5 34. Qf3 Qxf3
35. gxf3 Ra6 36. Kg2 h3+ 37. Kf2 Kd7 38. Bxa5 Rxa5 39. Nb6+ Kc6 40. Rxa5 Kxb6
41. Ra8 Kb7 42. Re8 Bh4+ 43. Kg1 d3 44. Rd2 g5 45. Rd1 gxf4 46. Ra1 d2 47. Rd1
Rg5+ 48. Kh1 Rg2 49. b4 Bc2 0-1

[Event "3eme Open International de La Fere"]
[Site "La Fere (FRA)"]
[Date "2004.??.??"]
[Round "3.18"]
[White "Moulin, Serge"]
[Black "Sarakauskiene, Zivile"]
[Result "0-1"]
[WhiteElo "1932"]
[BlackElo "2181"]
[PlyCount "126"]
[EventDate "2004.??.??"]

1. e4 c5 2. Nf3 e6 3. Be2 a6 4. O-O Qc7 5. Re1 Nc6 6. c3 Nf6 7. Bf1 d6 8. d4 e5
9. h3 g6 10. b3 Bg7 11. Bb2 O-O 12. Nbd2 Re8 13. Qc2 Bd7 14. Rad1 exd4 15. cxd4
Nb4 16. Qb1 cxd4 17. Nxd4 d5 18. e5 Ne4 19. Nxe4 dxe4 20. Rxe4 Bxe5 21. a3 Nc6
22. Nxc6 Bxc6 23. Bxe5 Rxe5 24. Red4 Qe7 25. b4 Ba4 26. R1d2 Re1 27. Rd8+ Rxd8
28. Rxd8+ Kg7 29. Qb2+ f6 30. Rd5 Bb5 31. Rxb5 axb5 32. g3 Qe4 33. Qd2 Qe6 34.
Kg2 Re5 35. Kg1 Qd5 36. Qc3 Qc6 37. Qd2 Rd5 38. Qe3 Re5 39. Qd2 b6 40. Qd1 Qe6
41. Qd3 Qd5 42. Qc3 Qd6 43. Kg2 Re7 44. Kg1 Qd5 45. Bg2 Qc4 46. Qd2 Ra7 47. Qe3
Qc7 48. Bf1 Qc6 49. Bg2 Qd6 50. Bf1 Re7 51. Qc3 Qd7 52. Kg2 g5 53. Kg1 Qd1 54.
Kg2 Re1 55. Qc7+ Kg6 56. Qc8 Qd5+ 57. Kg1 Qc4 58. Qxc4 bxc4 59. Kg2 c3 60. a4
Rxf1 61. Kxf1 c2 62. a5 c1=Q+ 63. Kg2 b5 0-1

[Event "3eme Open International de La Fere"]
[Site "La Fere (FRA)"]
[Date "2004.??.??"]
[Round "3.19"]
[White "Molenaar, Joseph"]
[Black "Constantin, Francois"]
[Result "1-0"]
[WhiteElo "2171"]
[BlackElo "1924"]
[PlyCount "77"]
[EventDate "2004.??.??"]

1. d4 d5 2. c4 e5 3. dxe5 d4 4. a3 Nc6 5. Bf4 Nge7 6. Nf3 Bg4 7. Nbd2 Ng6 8. g3
Be7 9. Bg2 Qd7 10. h3 Nxf4 11. gxf4 Bf5 12. b4 a6 13. Nb3 d3 14. e3 O-O 15.
Nfd4 Nxd4 16. Nxd4 c5 17. Nxf5 Qxf5 18. bxc5 Bxc5 19. Qg4 d2+ 20. Kxd2 Rfd8+
21. Bd5 Qxg4 22. hxg4 b5 23. Ke2 Rab8 24. e6 bxc4 25. exf7+ Kh8 26. f5 Rb2+ 27.
Kf3 h6 28. Bxc4 Rdd2 29. Raf1 a5 30. a4 Rd7 31. Rd1 Rbd2 32. Rxd2 Rxd2 33. g5
Kh7 34. g6+ Kh8 35. f6 gxf6 36. Rxh6+ Kg7 37. Rh7+ Kxg6 38. Rh8 Kg7 39. Rg8+
1-0

[Event "3eme Open International de La Fere"]
[Site "La Fere (FRA)"]
[Date "2004.??.??"]
[Round "3.20"]
[White "Hutin, Evgueny"]
[Black "Rapinel, Franck"]
[Result "0-1"]
[WhiteElo "1900"]
[BlackElo "2165"]
[PlyCount "108"]
[EventDate "2004.??.??"]

1. d4 Nf6 2. Nf3 g6 3. Nbd2 Bg7 4. e4 d6 5. Bd3 O-O 6. O-O Nbd7 7. Nc4 c5 8. c3
b5 9. e5 bxc4 10. exf6 Nxf6 11. Bxc4 cxd4 12. cxd4 d5 13. Bd3 Qb6 14. b3 Nd7
15. Bb2 Ba6 16. Re1 e6 17. Rc1 Bh6 18. Rc3 Rfc8 19. Bb1 Qa5 20. Rxc8+ Rxc8 21.
h4 Nf6 22. Ng5 Bg7 23. Re3 h6 24. Nh3 Ne4 25. Bxe4 dxe4 26. a3 Bb7 27. Nf4 Qf5
28. g3 Bf6 29. Ng2 Qa5 30. Nf4 Qf5 31. Ng2 Qa5 32. Nf4 Bd5 33. Nxd5 exd5 34. f3
exf3 35. Rxf3 Bg7 36. Re3 h5 37. a4 Qb4 38. Kg2 Bh6 39. Re2 Qd6 40. Rc2 Rb8 41.
Qf3 Re8 42. Re2 Rxe2+ 43. Qxe2 Qb4 44. Qd3 Qe1 45. Bc3 Qc1 46. Kf3 Qh1+ 47. Kf2
Qh2+ 48. Kf3 Kg7 49. Bb4 Qa2 50. Bd6 Qh2 51. Bf4 Bxf4 52. Kxf4 f6 53. Qe3 Kf7
54. Qc3 Qf2+ 0-1

[Event "3eme Open International de La Fere"]
[Site "La Fere (FRA)"]
[Date "2004.??.??"]
[Round "3.21"]
[White "Rigolot, Matthieu"]
[Black "Lemaire, Matthieu"]
[Result "1-0"]
[WhiteElo "2157"]
[BlackElo "1890"]
[PlyCount "63"]
[EventDate "2004.??.??"]

1. d4 d5 2. c4 e6 3. Nf3 Nf6 4. cxd5 exd5 5. Bg5 Be7 6. Nc3 O-O 7. e3 c6 8. Bd3
Ne4 9. Bxe7 Qxe7 10. Bxe4 dxe4 11. Nd2 f5 12. O-O Na6 13. a3 Be6 14. b4 Rf6 15.
Qa4 Rh6 16. b5 Qh4 17. h3 cxb5 18. Qxb5 f4 19. Ncxe4 Rg6 20. Qxb7 Rb8 21. Qxa6
Bxh3 22. Qxg6 hxg6 23. gxh3 Qxh3 24. exf4 Qg4+ 25. Ng3 Qxf4 26. Nde4 Rd8 27.
Rad1 Rd5 28. Nc3 Rxd4 29. Nce2 Qd6 30. Rxd4 Qxa3 31. Rc1 Qe7 32. Rc8+ 1-0

[Event "3eme Open International de La Fere"]
[Site "La Fere (FRA)"]
[Date "2004.??.??"]
[Round "3.22"]
[White "Colnot, Cyril"]
[Black "Minet, Steve"]
[Result "0-1"]
[WhiteElo "1880"]
[BlackElo "2154"]
[PlyCount "54"]
[EventDate "2004.??.??"]

1. d4 c5 2. d5 Nf6 3. c4 e6 4. Nc3 exd5 5. cxd5 d6 6. e4 g6 7. Bg5 Bg7 8. Qd2
h6 9. Bh4 O-O 10. Bxf6 Qxf6 11. Bd3 a6 12. Nge2 b5 13. Rb1 Nd7 14. O-O c4 15.
Bc2 Nc5 16. f4 Re8 17. Ng3 Bd7 18. f5 b4 19. fxg6 Qd4+ 20. Qxd4 Bxd4+ 21. Kh1
fxg6 22. Nce2 Be5 23. b3 c3 24. Nf4 Bb5 25. Rf3 Kg7 26. Nge2 Rf8 27. Bd3 Bxd3
0-1

[Event "3eme Open International de La Fere"]
[Site "La Fere (FRA)"]
[Date "2004.??.??"]
[Round "3.23"]
[White "Delescluse, Philippe"]
[Black "Bardoux, Thierry"]
[Result "1/2-1/2"]
[WhiteElo "1880"]
[BlackElo "2120"]
[PlyCount "95"]
[EventDate "2004.??.??"]

1. e4 c5 2. Nf3 d6 3. d4 cxd4 4. Nxd4 Nf6 5. Nc3 a6 6. Be2 e6 7. Be3 Nbd7 8.
Qd2 b5 9. f3 Bb7 10. a3 Rc8 11. g4 Nb6 12. h4 d5 13. e5 Nfd7 14. f4 Nc4 15.
Bxc4 dxc4 16. Rh2 b4 17. axb4 Bxb4 18. Nde2 O-O 19. Bd4 Nc5 20. Ng3 Nd3+ 21.
cxd3 Qxd4 22. Nge2 Qxd3 23. O-O-O Rfd8 24. Qc2 Qxc2+ 25. Kxc2 Rxd1 26. Kxd1
Rd8+ 27. Kc2 Bf3 28. g5 Bg4 29. h5 Bf5+ 30. Kc1 a5 31. Ng3 Bd3 32. Nge4 Rd4 33.
Rd2 Bxc3 34. Nxc3 Rxf4 35. b3 h6 36. bxc4 Bxc4 37. g6 Kf8 38. Rd8+ Ke7 39. Rg8
fxg6 40. Rxg7+ Rf7 41. Rxg6 Rf5 42. Rxh6 Rxe5 43. Rh8 Kf7 44. h6 Kg6 45. h7 Kg7
46. Rc8 Kxh7 47. Rxc4 Kg6 48. Kd2 1/2-1/2

[Event "3eme Open International de La Fere"]
[Site "La Fere (FRA)"]
[Date "2004.??.??"]
[Round "3.24"]
[White "Lesot, Jeremy"]
[Black "Maufroid, Loic"]
[Result "1/2-1/2"]
[WhiteElo "1870"]
[BlackElo "2120"]
[PlyCount "83"]
[EventDate "2004.??.??"]

1. e4 c5 2. Nf3 e6 3. d4 cxd4 4. Nxd4 Nf6 5. Bd3 Nc6 6. Nxc6 bxc6 7. c4 Qc7 8.
Nc3 Bb4 9. Bd2 Qd6 10. Qe2 Ng4 11. Qxg4 Qxd3 12. Qe2 Qd4 13. a3 Be7 14. Be3 Qe5
15. Rd1 Ba6 16. Bd4 Qg5 17. O-O d5 18. f4 Qh4 19. g3 Qh3 20. exd5 cxd5 21. Bxg7
Bxc4 22. Qe3 Bxf1 23. Rxf1 Rg8 24. Bd4 Kd7 25. Bxa7 Rgc8 26. Na4 Rc2 27. Rf2
Rxf2 28. Qxf2 Ke8 29. b4 Qg4 30. Nc3 Rc8 31. Bd4 Rc4 32. Qe3 f6 33. Qd3 e5 34.
Bf2 exf4 35. Nxd5 Rc1+ 36. Kg2 fxg3 37. hxg3 Rd1 38. Nc7+ Kf8 39. Qxh7 f5 40.
Qh8+ Kf7 41. Qe8+ Kf6 42. Qh8+ 1/2-1/2

[Event "3eme Open International de La Fere"]
[Site "La Fere (FRA)"]
[Date "2004.??.??"]
[Round "3.25"]
[White "Lambrescak, Alexandre"]
[Black "Oudot, Jean-Baptiste"]
[Result "0-1"]
[WhiteElo "1830"]
[BlackElo "2090"]
[PlyCount "48"]
[EventDate "2004.??.??"]

1. e4 c5 2. Nf3 Nc6 3. d4 cxd4 4. Nxd4 Nf6 5. Nc3 e5 6. Ndb5 d6 7. Be3 a6 8.
Na3 b5 9. Naxb5 axb5 10. Bxb5 Bd7 11. f3 Be7 12. O-O O-O 13. Nd5 Nxd5 14. Qxd5
Nb4 15. Qb3 Bxb5 16. c4 Bxc4 17. Qxc4 d5 18. exd5 Qxd5 19. Qxd5 Nxd5 20. Bd2
Bc5+ 21. Kh1 Bd4 22. a4 Bxb2 23. Ra2 Bc3 24. Bc1 Nb6 0-1